LAUTECH

Study guide for logic and philosophy / (Record no. 41586)

MARC details
000 -LEADER
fixed length control field 00450nam a2200157 4500
008 - FIXED-LENGTH DATA ELEMENTS--GENERAL INFORMATION
fixed length control field 260703b |||||||| |||| 00| 0 eng d
100 ## - MAIN ENTRY--AUTHOR
Author Morse Warner
245 ## - TITLE STATEMENT
Title Study guide for logic and philosophy /
Statement of responsibility, etc Warmer Morse.
260 ## - PUBLICATION, DISTRIBUTION, ETC. (IMPRINT)
Place of publication Belmont, California .
Name of publisher Wadsworth publishing company .
Date of publication 1973
300 ## - PHYSICAL DESCRIPTION
Pagination 389p.
Other physical details illus.
650 ## - SUBJECT ADDED ENTRY--TOPICAL TERM
Topical term logic
650 ## - SUBJECT ADDED ENTRY--TOPICAL TERM
Topical term philosophy
650 ## - SUBJECT ADDED ENTRY--TOPICAL TERM
Topical term Reasoning
942 ## - ADDED ENTRY ELEMENTS (KOHA)
Item type Books
Holdings
Source of classification or shelving scheme Not for loan Collection code Home library Current library Shelving location Date acquired Mode of acquisition Full call number Accen. No. Copy number Koha item type
Library of Congress Classification   Non-fiction OLUSEGUN OKE LIBRARY LAUTECH OLUSEGUN OKE LIBRARY LAUTECH Olusegun Oke Library North Reading Room 03/07/2026 Purchased BC 108. M67 1973 00052699 1 Books